Normal view
MARC view
Entry Nombre corporativo
001 - NÚMERO DE CONTROL
- campo de control: 28124
003 - IDENTIFICADOR DE NÚMERO DE CONTROL
- campo de control: OSt
005 - FECHA Y HORA DE LA ÚLTIMA TRANSACCIÓN
- campo de control: 20221005160757.0
008 - ELEMENTOS DE DATO DE LONGITUD-FIJA
- campo de control de longitud fija: 221005|| aca||aabn | a|a d
040 ## - FUENTE DE CATALOGACIÓN
- Centro catalogador/agencia de origen: OSt
- Centro/agencia transcriptor: OSt
110 ## - ENCABEZAMIENTO-NOMBRE DE ENTIDAD CORPORATIVA
- Nombre de entidad corporativa o nombre de jurisdicción como elemento de entrada: SEMINARIO NACIONAL CONSTRUYENDO LA CULTURA DE LA SALUD LABORAL Y MEDIO AMBIENTE EN BOLIVIA
- Sede del congreso/Lugar de la reunión: Cochabamba, Bolivia
- Fecha del congreso o de la firma del tratado: 2005
670 ## - FUENTE DE DATOS ENCONTRADOS
- Cita de la fuente: Work cat.: (OSt)36293: SEMINARIO NACIONAL CONSTRUYENDO LA CULTURA DE LA SALUD LABORAL Y MEDIO AMBIENTE EN BOLIVIA Cochabamba, Bolivia 2005, Construyendo la cultura de la salud laboral y medio ambiente en Bolivia, 2005